=LDR 00000nam 2200000 4500 =001 INLIS000000000025369 =005 20130612123903 =008 ***********************************Ind** =035 ##$$0010-061300000025369 =041 ##$$a Ind =082 ##$$a 736.9 =090 ##$$a 736.9, Lat k =100 ##$$a Latief, Abdul =245 ##$$a Kreasi unik dari sabun, Abdul latief =260 ##$$a 2005 $b Jakarta =300 ##$$a 62 hlm, ilus, 23 cm =650 ##$$a Kreasi unik =850 ##$$a NBPNMAT